000
00325nam a22001457a 4500
003
SGT
082
_a
MAR 512.55
100
_a
MARWAHA,ALKA
245
_a
AN INTRODUCTION TO LINEAR ALGEBRA
250
_a
1ST
260
_a
NEW DELHI
_b
PHI
_c
2014
300
_a
296
650
_a
MATHEMATICS, LINEAR ALGEBRA
942
_2
ddc
_c
FPS
999
_c
10096
_d
10096